[Event "TCh-HUN 2017-18"]
[Site "Hungary HUN"]
[Date "2017.11.25"]
[Round "1.11"]
[White "Gara, Anita"]
[Black "Ugroczky, Peter"]
[Result "1-0"]
[WhiteTitle "IM"]
[BlackTitle "FM"]
[WhiteElo "2385"]
[BlackElo "2253"]
[WhiteTeam "Penzugyor SE"]
[BlackTeam "HVSE-Infraplan"]
[WhiteFideId "709751"]
[BlackFideId "758663"]
[EventDate "2017.11.25"]
[EventType "team-tourn"]

1. e4 c5 2. Nf3 d6 3. d4 cxd4 4. Nxd4 Nf6 5. Nc3 Nc6 6. Bg5 Qb6 7. Nb3 e6 8.
Bxf6 gxf6 9. Qd2 a6 10. O-O-O Bd7 11. f4 O-O-O 12. Be2 h5 13. Rhf1 Kb8 14. Rf3
Rc8 15. Kb1 Na5 16. Nd5 exd5 17. Nxa5 Ba4 18. Rc1 dxe4 19. Ra3 e3 20. Qe1 Qd4
21. Bf3 d5 22. Qxe3 Qxe3 23. Rxe3 Bb4 24. Nb3 Rcd8 25. Rd1 Bc6 26. Nd4 Kc7 27.
h4 Rhg8 28. Bxh5 Rxg2 29. Bxf7 Rh8 30. h5 Rd2 31. Rxd2 Bxd2 32. Re6 Bxf4 33.
Rxc6+ bxc6 34. Ne6+ Kd6 35. Nxf4 Rh6 36. Kc1 Ke5 37. Nd3+ Ke4 38. Kd2 Kf3 39.
Bg6 Rh8 40. b4 Kg4 41. Ke3 f5 42. c3 Rf8 43. Nf4 Rh8 44. a4 Rh6 45. a5 Rh8 46.
Ne6 Rg8 47. Nd4 f4+ 48. Kf2 f3 49. Nxc6 Kf4 50. Nd4 Rc8 51. Ne6+ Kg4 52. Nc5 Rc6
53. Bf7 Rd6 54. Nd3 Kg5 55. Kg3 Rd8 56. Be6 d4 57. c4 Re8 58. Bf7 Re2 59. Bg6
Re3 60. b5 axb5 61. cxb5 Re6 62. a6 Rf6 63. a7 Rf8 64. Be4 1-0

[Event "TCh-HUN 2017-18"]
[Site "Hungary HUN"]
[Date "2017.11.25"]
[Round "1.12"]
[White "Lakos, Nikoletta"]
[Black "Karacsonyi, Gellert"]
[Result "1-0"]
[WhiteTitle "WGM"]
[WhiteElo "2277"]
[BlackElo "2209"]
[WhiteTeam "HVSE-Infraplan"]
[BlackTeam "Penzugyor SE"]
[WhiteFideId "705128"]
[BlackFideId "764620"]
[EventDate "2017.11.25"]
[EventType "team-tourn"]

1. e4 c5 2. Nf3 Nc6 3. d4 cxd4 4. Nxd4 g6 5. c4 Nf6 6. Nc3 d6 7. Be2 Nxd4 8.
Qxd4 Bg7 9. Bg5 O-O 10. Qd2 a5 11. O-O a4 12. Rab1 Qa5 13. Rfd1 Be6 14. Qe3 Rfc8
15. Nd5 Bxd5 16. exd5 Re8 17. b4 axb3 18. axb3 e6 19. Bxf6 Bxf6 20. Qf3 exd5 21.
Bf1 Be5 22. Rxd5 Qa2 23. Rbd1 Ra5 24. R5d2 Qa3 25. Qxb7 Ra7 26. Qb5 Raa8 27. Rd3
Rab8 28. Qa4 Qxa4 29. bxa4 Ra8 30. Ra3 Ra5 31. Rd5 Rea8 32. Rxa5 Rxa5 33. g3 Bb2
34. Ra2 Bc3 35. Bg2 Re5 36. Bd5 Re1+ 37. Kg2 Ra1 38. Rxa1 Bxa1 39. a5 Bd4 40. f4
Kf8 41. Kf3 Bc5 42. g4 f6 43. Ke4 Ke7 44. Bg8 h6 45. Kd5 Kd7 46. h4 h5 47. Bf7
hxg4 48. Bxg6 g3 49. Bf5+ Ke7 50. Bh3 f5 51. a6 Kf6 52. h5 Kf7 53. Bg2 Kf6 54.
Kc6 Kg7 55. Kb7 Kh6 56. Bf3 g2 57. Bxg2 Kxh5 58. Bh3 1-0

[Event "TCh-HUN 2017-18"]
[Site "Hungary HUN"]
[Date "2017.11.25"]
[Round "1.1"]
[White "Vovk, Andriy"]
[Black "Grigoriants, Sergey"]
[Result "1/2-1/2"]
[WhiteTitle "GM"]
[BlackTitle "GM"]
[WhiteElo "2635"]
[BlackElo "2558"]
[WhiteTeam "Aquarena Kobanya SC"]
[BlackTeam "Dunaharaszti MTK"]
[WhiteFideId "14114470"]
[BlackFideId "4130804"]
[EventDate "2017.11.25"]
[EventType "team-tourn"]

1. e4 c6 2. d4 d5 3. Nc3 dxe4 4. Nxe4 Bf5 5. Ng3 Bg6 6. Nh3 e6 7. Nf4 Qh4 8.
Nge2 Bf5 9. Ng3 Bg6 10. Nxg6 hxg6 11. Qd3 Nd7 12. Ne4 Qd8 13. g3 Ndf6 14. Ng5
Ne7 15. Bg2 Nf5 16. Nf3 Be7 17. h3 Qb6 18. c3 Rd8 19. Qe2 c5 20. g4 Nd6 1/2-1/2

[Event "TCh-HUN 2017-18"]
[Site "Hungary HUN"]
[Date "2017.11.25"]
[Round "1.2"]
[White "Gonda, Laszlo"]
[Black "Vovk, Yuri"]
[Result "1-0"]
[WhiteTitle "GM"]
[BlackTitle "GM"]
[WhiteElo "2499"]
[BlackElo "2610"]
[WhiteTeam "Dunaharaszti MTK"]
[BlackTeam "Aquarena Kobanya SC"]
[WhiteFideId "720852"]
[BlackFideId "14113171"]
[EventDate "2017.11.25"]
[EventType "team-tourn"]

1. Nf3 Nf6 2. c4 b6 3. g3 Bb7 4. Bg2 c5 5. O-O g6 6. Nc3 Bg7 7. d4 cxd4 8. Nxd4
Bxg2 9. Kxg2 Qc8 10. b3 d5 11. Nxd5 Nxd5 12. cxd5 Qc5 13. Be3 Qxd5+ 14. f3 Nc6
15. Nxc6 Qxc6 16. Rc1 Qe6 17. Qd3 O-O 18. Rfd1 Rac8 19. Rxc8 Rxc8 20. Qd7 Rc2
21. Qe8+ Bf8 22. Rd8 1-0

[Event "TCh-HUN 2017-18"]
[Site "Hungary HUN"]
[Date "2017.11.25"]
[Round "1.3"]
[White "Indjic, Aleksandar"]
[Black "Kovacevic, Blazimir"]
[Result "1-0"]
[WhiteTitle "GM"]
[BlackTitle "IM"]
[WhiteElo "2605"]
[BlackElo "2476"]
[WhiteTeam "Aquarena Kobanya SC"]
[BlackTeam "Dunaharaszti MTK"]
[WhiteFideId "911925"]
[BlackFideId "14502712"]
[EventDate "2017.11.25"]
[EventType "team-tourn"]

1. d4 e6 2. Bf4 b6 3. Nd2 Bb7 4. e3 g6 5. h4 h6 6. e4 Bg7 7. c3 d6 8. Ngf3 Nd7
9. e5 dxe5 10. dxe5 Ne7 11. Qc2 Nc6 12. Nc4 Qe7 13. O-O-O O-O-O 14. Re1 b5 15.
Ncd2 a6 16. a3 Kb8 17. Rh3 Na7 18. Nb3 Nb6 19. Be3 Rd5 20. Bd3 Nc4 21. Bxc4 bxc4
22. Nbd2 Ka8 23. Nxc4 Rb8 24. Nfd2 Nc6 25. f4 g5 26. hxg5 hxg5 27. g3 gxf4 28.
gxf4 f5 29. Rh7 Rh8 30. Rxh8+ Bxh8 31. Rg1 Bg7 32. Nb3 Bf8 33. Qf2 Qh7 34. Ncd2
Be7 35. Bc5 Bd8 36. Qg3 Qh6 37. Bf2 Be7 38. Qe3 Kb8 39. Nf3 Rd8 40. Nbd2 Kc8 41.
Kc2 Nb8 42. b4 Nd7 43. Nd4 Nb8 44. Qg3 Nc6 45. N4b3 Rh8 46. Bc5 Bd8 47. a4 Bh4
48. Qe3 Bd8 49. b5 axb5 50. axb5 Ne7 51. Bxe7 Bxe7 52. Na5 Bh1 53. Nc6 Bd8 54.
Ra1 Qh2 55. Ra8+ Kd7 56. Qd4+ Bd5 57. c4 1-0

[Event "TCh-HUN 2017-18"]
[Site "Hungary HUN"]
[Date "2017.11.25"]
[Round "1.4"]
[White "Flumbort, Andras"]
[Black "Nenezic, Marko"]
[Result "0-1"]
[WhiteTitle "GM"]
[BlackTitle "IM"]
[WhiteElo "2435"]
[BlackElo "2497"]
[WhiteTeam "Dunaharaszti MTK"]
[BlackTeam "Aquarena Kobanya SC"]
[WhiteFideId "717274"]
[BlackFideId "912123"]
[EventDate "2017.11.25"]
[EventType "team-tourn"]

1. Nf3 Nf6 2. c4 g6 3. Nc3 Bg7 4. e4 d6 5. d4 O-O 6. Be2 e5 7. O-O Nbd7 8. Be3
Qe7 9. dxe5 dxe5 10. Nd5 Qd8 11. Qc2 Nh5 12. Rfe1 c6 13. Nc3 Qe7 14. Rad1 Nc5
15. h3 Nf4 16. Bf1 a5 17. Kh2 Nfe6 18. Kh1 b6 19. b3 Bb7 20. Rd2 Rad8 21. Red1
Rxd2 22. Rxd2 f5 23. Rd1 f4 24. Bxc5 Nxc5 25. a3 g5 26. b4 Ne6 27. Na4 axb4 28.
Nxb6 bxa3 29. Rd7 Qb4 30. Rxb7 Nc5 31. Ra7 Qb2 32. Qe2 Qxb6 33. Rxa3 Qb1 34.
Nxg5 h6 35. Nf3 Qxe4 36. Qxe4 Nxe4 37. Kg1 Rb8 38. Ra1 Nc5 39. Re1 e4 40. Nh4
Kf7 41. Nf5 Bf8 42. Nd4 Rb6 43. Rd1 Kf6 44. Ne2 Ke5 45. Rd8 Be7 46. Re8 Rb7 47.
g3 f3 48. Nf4 Kd4 49. Ng6 Bf6 50. Rf8 Bg7 51. Rc8 Kc3 52. Nh4 Nb3 53. Nf5 Nd2 0-1

[Event "TCh-HUN 2017-18"]
[Site "Hungary HUN"]
[Date "2017.11.25"]
[Round "1.5"]
[White "Nagy, Gabor1"]
[Black "Farago, Ivan"]
[Result "1-0"]
[WhiteTitle "IM"]
[BlackTitle "GM"]
[WhiteElo "2472"]
[BlackElo "2385"]
[WhiteTeam "Aquarena Kobanya SC"]
[BlackTeam "Dunaharaszti MTK"]
[WhiteFideId "737119"]
[BlackFideId "700134"]
[EventDate "2017.11.25"]
[EventType "team-tourn"]

1. e4 e6 2. d4 d5 3. Bd3 dxe4 4. Bxe4 Nf6 5. Bf3 c5 6. Ne2 Nc6 7. Be3 Nd5 8.
Bxd5 Qxd5 9. Nbc3 Qc4 10. b3 Qa6 11. dxc5 Be7 12. O-O O-O 13. a4 Rd8 14. Qc1 Nb4
15. Nb5 Bd7 16. c4 Qc6 17. Ned4 Qc8 18. Nd6 Qb8 19. Rd1 b6 20. Bf4 bxc5 21. N6f5
e5 22. Nxe7+ Kf8 23. Ndf5 exf4 24. Qc3 f6 25. Qh3 Bxf5 26. Nxf5 Kg8 27. Ne7+ Kf7
28. Re1 Rh8 29. Qe6+ Kf8 30. Rad1 Qe8 31. Rd7 Rd8 32. Ng6+ 1-0

[Event "TCh-HUN 2017-18"]
[Site "Hungary HUN"]
[Date "2017.11.25"]
[Round "1.6"]
[White "Popovics, Adam"]
[Black "Izsak, Gyula"]
[Result "1/2-1/2"]
[WhiteTitle "IM"]
[BlackTitle "IM"]
[WhiteElo "2378"]
[BlackElo "2437"]
[WhiteTeam "Dunaharaszti MTK"]
[BlackTeam "Aquarena Kobanya SC"]
[WhiteFideId "721506"]
[BlackFideId "702234"]
[EventDate "2017.11.25"]
[EventType "team-tourn"]

1. d4 d5 2. c4 e6 3. Nc3 Be7 4. Nf3 Nf6 5. Bg5 h6 6. Bh4 Ne4 7. Bxe7 Qxe7 8. e3
Nxc3 9. bxc3 O-O 10. cxd5 exd5 11. Qb3 c6 12. c4 dxc4 13. Bxc4 Nd7 14. O-O Nb6
15. Bd3 Be6 16. Qb2 Rfd8 17. a4 Rab8 18. a5 Nd7 19. Rfe1 c5 20. Qa3 Qf8 21. Rec1
Bg4 22. dxc5 Bxf3 23. gxf3 Nxc5 24. Qxc5 Qxc5 25. Rxc5 Rxd3 26. Rc7 a6 27. Rb1
Rd5 28. Rbxb7 Rxb7 29. Rxb7 Rxa5 1/2-1/2

[Event "TCh-HUN 2017-18"]
[Site "Hungary HUN"]
[Date "2017.11.25"]
[Round "1.7"]
[White "Szabo, Bence"]
[Black "Tompa, Janos"]
[Result "1/2-1/2"]
[WhiteTitle "IM"]
[BlackTitle "IM"]
[WhiteElo "2369"]
[BlackElo "2371"]
[WhiteTeam "Aquarena Kobanya SC"]
[BlackTeam "Dunaharaszti MTK"]
[WhiteFideId "733776"]
[BlackFideId "700193"]
[EventDate "2017.11.25"]
[EventType "team-tourn"]

1. Nf3 Nf6 2. c4 e6 3. g3 b6 4. Bg2 Bb7 5. O-O Be7 6. Nc3 O-O 7. Re1 c5 8. e4 d6
9. d4 cxd4 10. Nxd4 Qc7 11. Be3 a6 12. Rc1 Nbd7 13. f4 Rac8 14. Bf2 Rfd8 15. b3
Bf8 16. Qe2 e5 17. Nf5 Re8 18. fxe5 Rxe5 19. Bd4 Re6 20. Nd5 Qd8 21. Qd2 Ng4 22.
Bh3 Nge5 23. Rf1 b5 24. cxb5 Rxc1 25. Qxc1 axb5 26. Qc7 Qxc7 27. Nxc7 Rf6 28.
Bg2 Nc5 29. Nd5 Re6 30. b4 Ncd3 31. Nc7 Rf6 32. a3 Bc6 33. h3 g6 34. Ne3 Rxf1+
35. Kxf1 Bh6 36. Ncd5 Bxd5 37. Nxd5 Bc1 38. Nc7 Bxa3 39. Nxb5 Bxb4 40. Nc7 Bc5
41. Bc3 Nb4 42. Ke2 h5 43. Bf3 Kf8 44. Bg2 f6 45. Bxb4 Bxb4 46. Nd5 1/2-1/2

[Event "TCh-HUN 2017-18"]
[Site "Hungary HUN"]
[Date "2017.11.25"]
[Round "1.8"]
[White "Papp, Petra"]
[Black "Toth, Ervin"]
[Result "0-1"]
[WhiteTitle "WGM"]
[BlackTitle "IM"]
[WhiteElo "2335"]
[BlackElo "2449"]
[WhiteTeam "Dunaharaszti MTK"]
[BlackTeam "Aquarena Kobanya SC"]
[WhiteFideId "739049"]
[BlackFideId "726559"]
[EventDate "2017.11.25"]
[EventType "team-tourn"]

1. e4 g6 2. d4 Bg7 3. Nc3 d6 4. f4 Nf6 5. Nf3 c6 6. Bd3 O-O 7. O-O a5 8. h3 Na6
9. a3 b5 10. Qe1 b4 11. Ne2 c5 12. Qh4 d5 13. exd5 Qxd5 14. c4 bxc3 15. Nxc3 Qh5
16. Qxh5 Nxh5 17. d5 Nc7 18. Ne5 Nf6 19. Bc4 Bb7 20. Be3 Ncxd5 21. Nxd5 Bxd5 22.
Rac1 Rfc8 23. g3 Rab8 24. Rf2 e6 25. Bxd5 exd5 26. Rxc5 Rxc5 27. Bxc5 Ne4 28.
Rc2 Nxg3 29. Nc6 Rxb2 30. Ne7+ Kh8 31. Rxb2 Bxb2 32. Nxd5 Ne4 33. Be7 f5 34. Kg2
Kg8 35. a4 Kf7 36. Bd8 Ke6 37. Ne3 Bc3 38. Nc4 Kd5 39. Nxa5 Bxa5 40. Bxa5 Nc5
41. Kf3 Nxa4 42. Ke3 Kc4 43. Bc7 Kd5 44. Bb8 Nb6 45. Kd3 Nd7 46. Ba7 Nc5+ 47.
Ke3 Ne6 48. Bb8 h6 49. Kf3 Kd4 50. Be5+ Kd3 51. Bf6 Nd4+ 52. Kg2 Ke4 53. Bg7 h5
54. Bxd4 Kxd4 55. Kg3 Ke3 56. Kh4 Kf3 57. Kg5 Kg3 58. h4 Kf3 59. Kxg6 Kg4 60.
Kf6 Kxf4 0-1

[Event "TCh-HUN 2017-18"]
[Site "Hungary HUN"]
[Date "2017.11.25"]
[Round "1.9"]
[White "Konnyu, Janos"]
[Black "Balint, Vilmos"]
[Result "0-1"]
[WhiteTitle "IM"]
[WhiteElo "2366"]
[BlackElo "2251"]
[WhiteTeam "Aquarena Kobanya SC"]
[BlackTeam "Dunaharaszti MTK"]
[WhiteFideId "721280"]
[BlackFideId "718050"]
[EventDate "2017.11.25"]
[EventType "team-tourn"]

1. e4 e6 2. d4 d5 3. Nd2 a6 4. Bd3 c5 5. dxc5 Bxc5 6. Ngf3 Nf6 7. O-O O-O 8. e5
Nfd7 9. c4 Nc6 10. cxd5 exd5 11. Nb3 Be7 12. Bf4 Re8 13. Nbd4 Nc5 14. Rc1 Ne6
15. Be3 Nexd4 16. Bxd4 Bg4 17. Bb1 Bxf3 18. Qxf3 Nxd4 19. Qd3 Bg5 20. f4 g6 21.
Qxd4 Bh6 22. a3 Rc8 23. Ba2 Rxc1 24. Rxc1 Qa5 25. g3 Rd8 26. Rd1 Bf8 27. b4 Qxa3
28. Bxd5 Be7 29. Rd3 Qc1+ 30. Kg2 Rc8 31. Bb3 Qe1 32. Rd1 Qe2+ 33. Qf2 Qe4+ 34.
Qf3 Qxf3+ 0-1

[Event "TCh-HUN 2017-18"]
[Site "Hungary HUN"]
[Date "2017.11.25"]
[Round "1.10"]
[White "Lorand, Norbert"]
[Black "Krizsany, Laszlo"]
[Result "1/2-1/2"]
[WhiteTitle "FM"]
[BlackTitle "IM"]
[WhiteElo "2289"]
[BlackElo "2424"]
[WhiteTeam "Dunaharaszti MTK"]
[BlackTeam "Aquarena Kobanya SC"]
[WhiteFideId "734616"]
[BlackFideId "701718"]
[EventDate "2017.11.25"]
[EventType "team-tourn"]

1. e4 c6 2. d4 d5 3. Nc3 dxe4 4. Nxe4 Bf5 5. Ng3 Bg6 6. h4 h6 7. h5 Bh7 8. Nf3
Nd7 9. Bd3 Bxd3 10. Qxd3 e6 11. Bd2 Ngf6 12. O-O-O Qc7 13. Ne4 Nxe4 14. Qxe4 Nf6
15. Qe2 O-O-O 16. c4 c5 17. Be3 Ng4 18. Rh4 Nxe3 19. fxe3 Be7 20. Rg4 Bf6 21. d5
Rhe8 22. e4 exd5 23. cxd5 Qd7 24. Rf4 Bg5 25. Nxg5 hxg5 26. Rf2 Re5 27. Qc2 Qe7
28. b4 Rxe4 29. d6 Qe5 1/2-1/2

[Event "TCh-HUN 2017-18"]
[Site "Hungary HUN"]
[Date "2017.11.25"]
[Round "1.11"]
[White "Polyik, Peter"]
[Black "Amstadt, Aron"]
[Result "1-0"]
[WhiteElo "2264"]
[BlackElo "2331"]
[WhiteTeam "Aquarena Kobanya SC"]
[BlackTeam "Dunaharaszti MTK"]
[WhiteFideId "758817"]
[BlackFideId "736007"]
[EventDate "2017.11.25"]
[EventType "team-tourn"]

1. d4 Nf6 2. c4 e6 3. Nf3 d5 4. Nc3 Be7 5. Bg5 O-O 6. e3 Nbd7 7. cxd5 exd5 8.
Bd3 c6 9. Qc2 Re8 10. O-O Nf8 11. Rab1 a5 12. a3 g6 13. b4 axb4 14. axb4 Ne6 15.
Bh4 b5 16. Ne5 Bb7 17. f4 Nd7 18. Bg3 Nxe5 19. fxe5 Rf8 20. Ne2 Ra4 21. Nf4 Ng7
22. Qc3 Qa8 23. Qe1 Qa7 24. Bh4 Bxh4 25. Qxh4 Bc8 26. g4 Qd7 27. h3 Qe8 28. Bxb5
cxb5 29. Nxd5 f5 30. exf6 Ne6 31. f7+ Rxf7 32. Rxf7 Qxf7 33. Ne7+ Kg7 34. Rf1 1-0

[Event "TCh-HUN 2017-18"]
[Site "Hungary HUN"]
[Date "2017.11.25"]
[Round "1.12"]
[White "Kokeny, Norbert Adrian"]
[Black "Havanecz, Bianka"]
[Result "0-1"]
[BlackTitle "WIM"]
[WhiteElo "2200"]
[BlackElo "2199"]
[WhiteTeam "Dunaharaszti MTK"]
[BlackTeam "Aquarena Kobanya SC"]
[WhiteFideId "759740"]
[BlackFideId "704814"]
[EventDate "2017.11.25"]
[EventType "team-tourn"]

1. d4 d5 2. Bf4 Nf6 3. e3 c5 4. c3 Nc6 5. Nd2 Bf5 6. Ngf3 e6 7. Be2 h6 8. h3 Bd6
9. Bxd6 Qxd6 10. dxc5 Qxc5 11. Nd4 Bh7 12. N2b3 Qb6 13. Nxc6 bxc6 14. Qd4 O-O
15. O-O Rfb8 16. Qxb6 Rxb6 17. c4 a5 18. c5 Rb4 19. Rfe1 e5 20. f4 Nd7 21. fxe5
Nxe5 22. Bf3 a4 23. Nd4 Rxb2 24. e4 Nd3 25. Re3 dxe4 26. Bxe4 Bxe4 27. Rxe4 Nxc5
28. Re3 Rd8 29. Nxc6 Rdd2 30. Rg3 Rxa2 31. Rf1 Ne4 32. Ne7+ Kf8 33. Ng6+ Ke8 34.
Re1 Re2 35. Re3 Rxg2+ 36. Kh1 f5 37. Nh4 Rh2+ 38. Kg1 Kd7 39. Rf3 g6 40. Rd3+
Kc6 41. Rc1+ Kb6 42. Rb1+ Rhb2 43. Rc1 g5 44. Nxf5 Rg2+ 45. Kh1 Nf2+ 0-1

[Event "TCh-HUN 2017-18"]
[Site "Hungary HUN"]
[Date "2017.11.25"]
[Round "1.1"]
[White "Gledura, Benjamin"]
[Black "Lupulescu, Constantin"]
[Result "1/2-1/2"]
[WhiteTitle "GM"]
[BlackTitle "GM"]
[WhiteElo "2605"]
[BlackElo "2631"]
[WhiteTeam "HUSI SC"]
[BlackTeam "ASE Paks"]
[WhiteFideId "712779"]
[BlackFideId "1207822"]
[EventDate "2017.11.25"]
[EventType "team-tourn"]

1. e4 c6 2. d4 d5 3. e5 Bf5 4. Nd2 e6 5. Nb3 Nd7 6. Nf3 Qc7 7. Be2 c5 8. dxc5
Bxc5 9. Nxc5 Qxc5 10. c3 Ne7 11. O-O O-O 12. Re1 Qc7 13. Bf4 Ng6 14. Bg3 Bg4 15.
Nd4 Bxe2 16. Qxe2 a6 17. h4 Ne7 18. h5 h6 19. Bf4 Nc6 20. Rad1 Kh8 21. Qe3 Kh7
22. g4 Nxd4 23. Rxd4 Rae8 24. Qd3+ Kh8 25. Qe3 Kh7 26. Kh1 Qc6 27. Qg3 f6 28.
Kg1 fxe5 29. Bxe5 Nxe5 30. Rxe5 Rf6 31. g5 hxg5 32. Rxg5 Re7 33. Rdg4 Qc7 34.
Qd3+ Kg8 35. Qe3 Ref7 36. Rg6 Rxf2 37. Qxf2 Rxf2 38. Kxf2 Qh2+ 39. Rg2 Qf4+ 40.
Kg1 Qc1+ 41. Kh2 Qf4+ 42. Kh3 Qf5+ 43. Kh4 Qe4+ 44. Kh3 Qf5+ 45. Kh4 Qe4+ 1/2-1/2

[Event "TCh-HUN 2017-18"]
[Site "Hungary HUN"]
[Date "2017.11.25"]
[Round "1.2"]
[White "Berkes, Ferenc"]
[Black "Pinter, Jozsef"]
[Result "1/2-1/2"]
[WhiteTitle "GM"]
[BlackTitle "GM"]
[WhiteElo "2653"]
[BlackElo "2539"]
[WhiteTeam "ASE Paks"]
[BlackTeam "HUSI SC"]
[WhiteFideId "718572"]
[BlackFideId "700045"]
[EventDate "2017.11.25"]
[EventType "team-tourn"]

1. g3 Nf6 2. Bg2 d5 3. d3 c6 4. Nd2 e5 5. Ngf3 Bd6 6. O-O O-O 7. e4 Re8 8. Re1
Nbd7 9. b3 a5 10. a3 Bc7 11. Bb2 d4 12. Qe2 Ra6 13. c3 c5 14. b4 dxc3 15. Bxc3
cxb4 16. axb4 Rc6 17. Rec1 axb4 18. Bxb4 Rxc1+ 19. Rxc1 Nb8 20. h3 Nc6 21. Ba3
Be6 22. Kh2 h6 23. Nc4 Qa8 24. Bb2 Nd7 25. Ra1 Qc8 26. Na3 Nc5 27. Nb5 Rd8 28.
d4 exd4 29. Nfxd4 Nxd4 30. Nxd4 Be5 31. Rd1 Bxd4 32. Rxd4 Rxd4 33. Bxd4 Nb3 34.
Bb2 Qd7 35. Qh5 Nd2 36. Qe5 f6 37. Qb8+ Kh7 38. e5 fxe5 39. Bxe5 Bd5 40. Bxg7
Bxg2 41. Qh8+ Kg6 42. Qxh6+ Kf7 43. Qf6+ Kg8 44. Kxg2 Qd5+ 45. f3 Nxf3 46. Qxf3
Qa2+ 47. Kg1 Qb1+ 48. Kf2 Kxg7 49. Qc3+ Kf7 50. h4 b5 51. Ke3 b4 52. Qd3 Qb2 53.
Qc4+ Kf8 54. Qc5+ Kf7 55. h5 b3 56. Qc7+ Kg8 57. g4 Qb1 58. Qc8+ Kg7 59. Qc3+
Kg8 60. h6 Qg6 61. Qxb3+ Kh7 62. Kf3 Qf6+ 1/2-1/2

[Event "TCh-HUN 2017-18"]
[Site "Hungary HUN"]
[Date "2017.11.25"]
[Round "1.3"]
[White "Havasi, Gergo"]
[Black "Parligras, Mircea-Emilian"]
[Result "0-1"]
[WhiteTitle "IM"]
[BlackTitle "GM"]
[WhiteElo "2377"]
[BlackElo "2613"]
[WhiteTeam "HUSI SC"]
[BlackTeam "ASE Paks"]
[WhiteFideId "760293"]
[BlackFideId "1204297"]
[EventDate "2017.11.25"]
[EventType "team-tourn"]

1. e4 e5 2. Nf3 Nc6 3. Bb5 a6 4. Ba4 d6 5. O-O Bd7 6. c3 g6 7. d4 Bg7 8. Re1
Nge7 9. d5 Nb8 10. Bxd7+ Nxd7 11. Be3 h6 12. Nfd2 f5 13. f3 f4 14. Bf2 g5 15. c4
h5 16. Nc3 Bh6 17. Rc1 Rg8 18. c5 g4 19. c6 bxc6 20. dxc6 Nf6 21. Kh1 g3 22. Bg1
gxh2 23. Bf2 h4 24. Bxh4 Bg5 25. Bf2 Rb8 26. Nc4 Nxc6 27. Qa4 Qd7 28. Qxa6 Nb4
29. Qa7 Nc6 30. Qa3 Bh6 31. Re2 Bf8 32. Nd5 Nxd5 33. exd5 Ne7 34. Qa7 Rc8 35.
Qb7 Qd8 36. Rec2 Rb8 37. Qa6 Ra8 38. Qb5+ Kf7 39. Bh4 Qe8 40. Qxe8+ Kxe8 41.
Bxe7 Bxe7 42. b4 Rh8 43. Na5 Bd8 44. Nc6 Rh7 45. b5 Bh4 46. Nb4 Ra5 47. Na6 Bd8
48. Rb1 Ra3 0-1

[Event "TCh-HUN 2017-18"]
[Site "Hungary HUN"]
[Date "2017.11.25"]
[Round "1.4"]
[White "Papp, Gabor1"]
[Black "Stankovic, Milos"]
[Result "0-1"]
[WhiteTitle "GM"]
[BlackTitle "IM"]
[WhiteElo "2603"]
[BlackElo "2396"]
[WhiteTeam "ASE Paks"]
[BlackTeam "HUSI SC"]
[WhiteFideId "718602"]
[BlackFideId "938190"]
[EventDate "2017.11.25"]
[EventType "team-tourn"]

1. e4 e6 2. d4 d5 3. e5 c5 4. c3 Nc6 5. Nf3 Bd7 6. Be2 Nge7 7. O-O Nf5 8. dxc5
Bxc5 9. Nbd2 O-O 10. Bd3 Bb6 11. Nb3 h6 12. Bxf5 exf5 13. Qxd5 Be6 14. Qxd8
Rfxd8 15. Be3 Bxe3 16. fxe3 Rd5 17. Nbd4 Nxe5 18. Nxe5 Rxe5 19. Kf2 Bd5 20. b3
Be4 21. c4 a6 22. Rfd1 Rc8 23. Rac1 Rec5 24. a4 Kf8 25. Ra1 Re5 26. Rd2 g5 27.
Rad1 Rce8 28. Rc1 Rc8 29. Rcd1 Rce8 30. Re1 Rc8 31. g3 Rce8 32. Rc1 Rc8 33. Ne2
a5 34. Rcd1 Rce8 35. Rc1 Rc8 36. Rd7 Bc6 37. Rd3 Be4 38. Rd2 Rce8 39. Rc3 Rc8
40. Rd7 Bc6 41. Rd2 Be4 42. Nd4 Kg7 43. Nb5 Rh8 44. Rc1 Bc6 45. Nd6 Kg6 46. Rd4
g4 47. Rcd1 h5 48. h4 gxh3 49. Rh4 Bg2 50. Rd3 f6 51. Nb5 Re4 52. Nc3 Rg4 53.
Rd6 Rg8 54. Rxg4+ hxg4 55. Kg1 Rh8 56. Kh2 Re8 57. Nd5 Bxd5 58. Rxd5 Rxe3 59.
Rxa5 Re2+ 60. Kh1 f4 0-1

[Event "TCh-HUN 2017-18"]
[Site "Hungary HUN"]
[Date "2017.11.25"]
[Round "1.5"]
[White "Savic, Miodrag R"]
[Black "Acs, Peter"]
[Result "0-1"]
[WhiteTitle "GM"]
[BlackTitle "GM"]
[WhiteElo "2511"]
[BlackElo "2588"]
[WhiteTeam "HUSI SC"]
[BlackTeam "ASE Paks"]
[WhiteFideId "920479"]
[BlackFideId "708020"]
[EventDate "2017.11.25"]
[EventType "team-tourn"]

1. e4 e5 2. Nf3 Nc6 3. Bc4 Bc5 4. c3 Nf6 5. d3 d6 6. Bb3 a6 7. O-O Ba7 8. Re1
O-O 9. h3 Ne7 10. Nbd2 Ng6 11. Nf1 h6 12. Ng3 Re8 13. d4 Bd7 14. Be3 c5 15. dxc5
Bxc5 16. Qd2 Be6 17. Rad1 Bxe3 18. Rxe3 Qa5 19. Qc2 Rad8 20. Bxe6 fxe6 21. Qb3
Qc7 22. Red3 Kh8 23. R3d2 d5 24. Re1 Nf4 25. Qa4 Nd7 26. Qc2 Rf8 27. Qd1 Rde8
28. Nh2 Nb6 29. Ng4 Nc4 30. Rc2 Rd8 31. exd5 Rxd5 32. Qa1 Qc6 33. Ne4 Rfd8 34.
b3 Na3 35. Rcc1 Nd3 36. Rf1 R5d7 37. f3 Nxc1 38. Qxc1 Nb5 39. Nxe5 Qb6+ 40. Kh1
Rc7 41. Qf4 Kg8 42. Nc4 Qc6 43. a4 Na7 44. Ne5 Qe8 45. Ng4 Qe7 46. Qg3 Kh7 47.
Re1 Rcd7 48. Kh2 Nc6 49. b4 Rd1 50. Re2 Rb1 51. Nc5 Rdd1 52. Nf2 Re1 53. Rxe1
Rxe1 54. Nfe4 Rd1 55. b5 axb5 56. axb5 Nd8 57. b6 e5 58. Qf2 Kh8 59. Qa2 Qf8 60.
Qa8 h5 61. Kg3 Qf4+ 62. Kf2 Qh4+ 63. Ng3 Rd2+ 64. Ke1 Rxg2 65. Ne4 Rxg3 66. Nxg3
Qxg3+ 67. Ke2 Qg5 68. Qc8 Kh7 69. Qd7 Qf6 70. Qc7 Kg8 71. c4 Kf8 72. c5 Qe7 73.
Qc8 Ke8 74. Kf2 Qd7 75. Qc7 Nc6 0-1

[Event "TCh-HUN 2017-18"]
[Site "Hungary HUN"]
[Date "2017.11.25"]
[Round "1.6"]
[White "Szabo, Krisztian1"]
[Black "Lajthajm, Borko"]
[Result "1/2-1/2"]
[WhiteTitle "GM"]
[BlackTitle "GM"]
[WhiteElo "2498"]
[BlackElo "2465"]
[WhiteTeam "ASE Paks"]
[BlackTeam "HUSI SC"]
[WhiteFideId "722901"]
[BlackFideId "916358"]
[EventDate "2017.11.25"]
[EventType "team-tourn"]

1. e4 e5 2. Nf3 Nc6 3. Bb5 a6 4. Ba4 d6 5. O-O Bd7 6. c3 g6 7. d4 Bg7 8. Re1
Nge7 9. d5 Nb8 10. Bxd7+ Nxd7 11. c4 h6 12. Nc3 O-O 13. b4 f5 14. a4 a5 15. bxa5
Rxa5 16. Nd2 Ra6 17. Nb3 fxe4 18. Be3 Nf6 19. Nd2 Nf5 20. Ndxe4 Nxe4 21. Nxe4
Qd7 22. Re2 b6 23. Rea2 Kh7 24. Ra3 Rfa8 25. R1a2 1/2-1/2